Стружкообразование при обработке алюминиевых сплавов алмазными инструментами; Справочник. Инженерный журнал; № 10

Bibliographische Detailangaben
Parent link:Справочник. Инженерный журнал: научно-технический и производственный журнал.— , 2000-.— 0203-347X
№ 10.— 2003.— С. 21-25
1. Verfasser: Непомнящий В. А.
Weitere Verfasser: Волков Д. И., Проскуряков С. Л.
Sprache:Russisch
Veröffentlicht: 2003
Schriftenreihe:Современные технологии
Schlagworte:
Format: MixedMaterials Buchkapitel
KOHA link:https://koha.lib.tpu.ru/cgi-bin/koha/opac-detail.pl?biblionumber=388925

MARC

LEADER 00000naa2a2200000 4500
001 388925
005 20231101063814.0
035 |a (RuTPU)RU\TPU\prd\20605 
090 |a 388925 
100 |a 20031216a2003 k y0rusy50 ca 
101 0 |a rus 
102 |a RU 
200 1 |a Стружкообразование при обработке алюминиевых сплавов алмазными инструментами  |f В. А. Непомнящий, Д. И. Волков, С. Л. Проскуряков 
225 1 |a Современные технологии 
320 |a Библиогр.: 5 назв. 
461 1 |0 (RuTPU)RU\TPU\prd\1723  |x 0203-347X  |t Справочник. Инженерный журнал  |o научно-технический и производственный журнал  |d 2000- 
463 1 |0 (RuTPU)RU\TPU\prd\19752  |t № 10  |v С. 21-25  |d 2003 
610 1 |a стружкообразование 
610 1 |a алюминиевые сплавы 
610 1 |a обработка сплавов 
610 1 |a алмазные инструменты 
700 1 |a Непомнящий  |b В. А. 
701 1 |a Волков  |b Д. И. 
701 1 |a Проскуряков  |b С. Л. 
801 1 |a RU  |b 63413507  |c 20031216  |g PSBO 
801 2 |a RU  |b 63413507  |c 20140116  |g RCR 
942 |c BK